| 000 | 00730nam a22001817a 4500 | ||
|---|---|---|---|
| 005 | 20120202103724.0 | ||
| 020 |
_c185.00 _a8186351795 |
||
| 035 | _aB-82165 | ||
| 037 |
_b _adpl |
||
| 082 | _a020 | ||
| 100 |
_aमाथुर, एल.आर. _940565 |
||
| 245 | 1 |
_aलाइब्रेरियन परीक्षा मैनुअल / _cएल.आर.माथुर |
|
| 260 |
_aजयपुर _bएच.जी.पब्लिकेशन _c2003 |
||
| 270 |
_a _b _e _k |
||
| 300 |
_a363पृ. _c25सेमी (अजिल्द) |
||
| 942 |
_adpl _cHN _k _2ddc _h020 _mमाथुर |
||
| 999 |
_c61783 _d61783 |
||